| 000 | 01106cab a2200301 4500 | ||
|---|---|---|---|
| 001 | ABS59710 | ||
| 008 | 090401t1998 xxu||||| |||| 00| 0 eng d | ||
| 035 | _a(Sirsi) u89646 | ||
| 041 | _aeng | ||
| 100 | _aIdris, M.M. | ||
| 245 | _aAssessment of the factors influencing the maintenance programme of a large university building in Riyadh | ||
| 260 | _c1998 | ||
| 350 | _a0 | ||
| 490 |
_aConstruction Management and Economics _v16(6) 1998, 673-679(7) |
||
| 520 | _aExamines the factors such as harsh climatic conditions, presence of chlorides and sulphates in the soil and water, contracting systems, and lack of codes and building standards that influence the maintenance programme of a university campus building in Riyadh. Includes references. | ||
| 650 | _aBUILDING INDUSTRY | ||
| 650 | _aBUILDING STANDARDS | ||
| 650 | _aBUILDINGS | ||
| 650 | _aCHLORIDES | ||
| 650 | _aCLIMATIC CONDITIONS | ||
| 650 | _aDESIGN | ||
| 650 | _aMAINTENANCE PROGRAMMES | ||
| 650 | _aSAUDI ARABIA | ||
| 650 | _aSULPHATES | ||
| 690 | _aOVERSEAS-REST OF THE WORLD | ||
| 942 | _n0 | ||
| 948 | _c12/11/1998 | ||
| 999 |
_c56749 _d56749 |
||